000 00392nam a22001937a 4500
003 UA-OsUOA
001 2263
007 ta
008 20050721b un ||||| |||| 00| 0 ukr d
100 _aWells
700 _aB.
700 _aMaheson
700 _aK.
942 _cBK
040 _aUA-OsUOA
_cUA-OsUOA
_dUA-OsUOA
245 _aLove me, please !
_bLove story
955 _a2
650 7 _2UDC
999 _c288425
_d288425